000 00425nam a22001697a 4500
003 SEACOMMC
005 20231109100203.0
008 231109b |||||||| |||| 00| 0 eng d
020 _cRs. 79.00
040 _aSEACOMMC
082 _a004.35
_bRAJ
100 1 _aRajaraman, V.
245 1 _aElements of parallel computing
_cV. Rajaraman
260 _aNew Delhi
_bPrentice-Hall
_c2004
650 _aComputer science
942 _cBOOK
999 _c342
_d342